| 000 | 00401nam a2200157Ia 4500 | ||
|---|---|---|---|
| 008 | 160316s1972 xxu||||| |||| 00| 0 eng d | ||
| 082 |
_a303.400000 _bKUP |
||
| 100 | _aKuppuswamy B | ||
| 245 | _aSocial change in India | ||
| 250 | _a | ||
| 260 |
_aBangalore _bVikas Publishing House Pvt. Ltd. _c1972 |
||
| 300 |
_a355p. _b20 cm _cvi |
||
| 365 | _b | ||
| 650 | _a1. Social change - India | ||
| 700 |
_a _a |
||
| 999 |
_c3822 _d3822 |
||